| 000 | 01003cam a2200181 4500 | ||
|---|---|---|---|
| 008 | 031112n2003 000 0 eng u | ||
| 035 | _a(Sirsi) u124285 | ||
| 245 | _aRegional forestry forums | ||
| 260 | _c2003 | ||
| 490 |
_aScottish Executive Press Release _v(SEnw1027/2003) 10 November 2003 (2) |
||
| 520 | _aThe creation of regional forestry forums are to be set up to advise the Forestry Commission Scotland on forestry policy and practice. These forums will cover all the activities of the Forestry Commission Scotland, including the management of the national forests. Members are to be drawn from across the range of interests in forestry, and will be appointed from an open recruitment process. The press release can be viewed at http://www.scotland.gov.uk/pages/news/2003/11/SEnw1027.aspx. | ||
| 650 | _aSCOTTISH EXECUTIVE | ||
| 650 | _aFORESTRY | ||
| 650 | _aFORESTRY COMMISSION SCOTLAND | ||
| 650 | _aSCOTTISH FORESTRY FORUM | ||
| 690 | _aRURAL-AGRICULTURE AND FORESTRY | ||
| 942 | _n0 | ||
| 999 |
_c73768 _d73768 |
||